000 00536nam a2200217Ia 4500
005 20251122104831.0
008 230125s9999 xx 000 0 und d
020 _a9788175546059
041 _aeng
082 _a158.1
_bKAM
100 _aKamp DI
_9215497
245 _aThe 21st Century Manager
250 _a1st Ed.
260 _c2010
_bKogan Page
_aNew Delhi
300 _a210p
500 _aPersonality Development
650 _aPersonality Development
_9213420
700 _aKamp DI
_9215497
906 _b82.6
942 _cBK
999 _c96374
_d96374